<?xml version="1.0" encoding="UTF-8"?>
<record
    xmlns:xsi="http://www.w3.org/2001/XMLSchema-instance"
    xsi:schemaLocation="http://www.loc.gov/MARC21/slim http://www.loc.gov/standards/marcxml/schema/MARC21slim.xsd"
    xmlns="http://www.loc.gov/MARC21/slim">

  <leader>00953nam a2200229 a 4500</leader>
  <controlfield tag="001">000023523</controlfield>
  <controlfield tag="005">20200930022259.0</controlfield>
  <controlfield tag="008">101210s1992    mx      r     000 | spa d</controlfield>
  <datafield tag="020" ind1=" " ind2=" ">
    <subfield code="a">9681636562</subfield>
  </datafield>
  <datafield tag="040" ind1=" " ind2=" ">
    <subfield code="a">DO-SdBNP</subfield>
    <subfield code="b">spa</subfield>
    <subfield code="c">BNPHU</subfield>
  </datafield>
  <datafield tag="041" ind1=" " ind2=" ">
    <subfield code="a">kor</subfield>
    <subfield code="h">spa</subfield>
    <subfield code="2">C&#xF3;digo de idioma MARC</subfield>
  </datafield>
  <datafield tag="082" ind1=" " ind2=" ">
    <subfield code="a">xxx</subfield>
    <subfield code="b">C965c</subfield>
  </datafield>
  <datafield tag="245" ind1="1" ind2="0">
    <subfield code="a">Cuentos coreanos /</subfield>
    <subfield code="c">compilaci&#xF3;n de Hyesun Ko de Carranza ; a cargo de la selecci&#xF3;n Yong Tae Min.</subfield>
  </datafield>
  <datafield tag="260" ind1=" " ind2=" ">
    <subfield code="a">M&#xE9;xico :</subfield>
    <subfield code="b">Fondo de Cultura Econ&#xF3;mica ; The Korean Culture and Arts Foundation, 1991.</subfield>
  </datafield>
  <datafield tag="300" ind1=" " ind2=" ">
    <subfield code="a">241 p. ;</subfield>
    <subfield code="c">17 cm.</subfield>
  </datafield>
  <datafield tag="490" ind1=" " ind2=" ">
    <subfield code="a">Popular</subfield>
    <subfield code="v">458</subfield>
  </datafield>
  <datafield tag="505" ind1=" " ind2=" ">
    <subfield code="t">El mejor agricultor /</subfield>
    <subfield code="r">Yong-Chun Pak</subfield>
    <subfield code="t">El viejo alfarero /</subfield>
    <subfield code="r">Sun-Won Jwang</subfield>
    <subfield code="t">La viuda /</subfield>
    <subfield code="r">Sun-Won Jwang</subfield>
    <subfield code="t">Hu&#xE9;rfano en la tierra /</subfield>
    <subfield code="r">Chong-Ne Cho</subfield>
    <subfield code="t">Los p&#xE1;jaros y yo /</subfield>
    <subfield code="r">Won-Il Kim</subfield>
    <subfield code="t">La balada del adi&#xF3;s /</subfield>
    <subfield code="r">Chong-Ji O.</subfield>
  </datafield>
  <datafield tag="700" ind1="1" ind2=" ">
    <subfield code="a">Hyesun, Ko de Carranza</subfield>
    <subfield code="e">comp.</subfield>
    <subfield code="9">48486</subfield>
  </datafield>
  <datafield tag="710" ind1="1" ind2=" ">
    <subfield code="a">Yong, Tae Min</subfield>
    <subfield code="9">48487</subfield>
  </datafield>
  <datafield tag="830" ind1=" " ind2="0">
    <subfield code="a">Popular;</subfield>
    <subfield code="v">458</subfield>
    <subfield code="9">13374</subfield>
  </datafield>
  <datafield tag="049" ind1=" " ind2=" ">
    <subfield code="a">BNGR</subfield>
  </datafield>
  <datafield tag="952" ind1=" " ind2=" ">
    <subfield code="0">0</subfield>
    <subfield code="1">0</subfield>
    <subfield code="5">0</subfield>
    <subfield code="7">1</subfield>
    <subfield code="8">MO</subfield>
    <subfield code="a">GR</subfield>
    <subfield code="b">GR</subfield>
    <subfield code="c">CT</subfield>
    <subfield code="d">2010-12-10</subfield>
    <subfield code="i">LF1</subfield>
    <subfield code="l">0</subfield>
    <subfield code="o">xxx C965c</subfield>
    <subfield code="p">23523-10</subfield>
    <subfield code="r">2020-06-25</subfield>
    <subfield code="w">2020-06-25</subfield>
    <subfield code="y">1</subfield>
    <subfield code="Z">No se presta</subfield>
  </datafield>
  <datafield tag="999" ind1=" " ind2=" ">
    <subfield code="c">23019</subfield>
    <subfield code="d">23019</subfield>
  </datafield>
</record>
